|
|
|
|
| LEADER |
00000cam a2200000 a 4500 |
| 001 |
vtls001086229 |
| 003 |
SK-MaSNL |
| 005 |
20260301105215.0 |
| 008 |
240318s1986 xo 00 00 slo |
| 015 |
|
|
|a SNBA1987/11
|
| 035 |
|
|
|a SNK000029068
|
| 040 |
|
|
|a SNK
|b slo
|c SNK
|e AACR2
|
| 041 |
0 |
|
|a slo
|
| 044 |
|
|
|a xo
|c SK
|
| 080 |
|
|
|a 371.321.1:372.893.09(072)
|2 1981
|
| 080 |
|
|
|a 372.893.09(072)
|2 1981
|
| 100 |
1 |
|
|a Kubíková, Mária
|4 aut
|9 6903
|
| 245 |
1 |
0 |
|a Ukážky vyučovacích hodín z dejepisu pre 5.-8. ročník základnej školy
|c Mária Kubíková, Marta Nemcová
|
| 250 |
|
|
|a 1. vyd.
|
| 260 |
|
|
|a Bratislava
|b Krajský pedagogický ústav
|c 1986
|
| 300 |
|
|
|a 68 s.
|c 29 cm
|
| 366 |
|
|
|e 600 výt.
|
| 504 |
|
|
|a Bibliogr.
|
| 650 |
0 |
7 |
|a dejepis
|2 SNKPH
|9 4288
|
| 650 |
0 |
7 |
|a vyučovacia hodina
|2 SNKPH
|9 71298
|
| 650 |
0 |
7 |
|a základné školy
|2 SNKPH
|9 1280
|
| 650 |
0 |
7 |
|a metodické príručky
|2 SNKPH
|9 293273
|
| 700 |
1 |
|
|a Nemcová, Marta
|4 aut
|9 445118
|
| 958 |
|
|
|a OND
|
| 958 |
|
|
|a UO
|
| 958 |
|
|
|a NB
|
| 958 |
|
|
|a RM
|
| 999 |
|
|
|c 700253
|d 702183
|
| 952 |
|
|
|a SNK
|b SNK
|y PREZ
|7 0
|p 17A0823889
|o snkSB 42032
|i snkKSP 7458/87
|0 0
|1 0
|4 0
|d 2014-03-27
|f 1
|l 0
|r 2025-04-30 00:00:00
|w 2026-02-23
|